[Event "Titled Tue 26th Aug Late"]
[Site "chess.com INT"]
[Date "2025.08.26"]
[Round "7"]
[White "Niemann, Hans Moke"]
[Black "Carlsen, Magnus"]
[Result "0-1"]
[WhiteTitle "GM"]
[BlackTitle "GM"]
[WhiteElo "2736"]
[BlackElo "2839"]
[WhiteFideId "2093596"]
[BlackFideId "1503014"]
[EventDate "2025.08.26"]

1. e4 c5 2. Nf3 Nc6 3. Bb5 g6 4. Bxc6 dxc6 5. d3 Qc7 6. e5 Nh6 7. O-O Nf5 8. Re1
Nd4 9. h3 Nxf3+ 10. Qxf3 Bg7 11. Bf4 Be6 12. a4 a5 13. Nd2 h6 14. Ne4 b6 15.
Nf6+ Kf8 16. Ne4 Rd8 17. b3 Kg8 18. h4 Rd5 19. Nc3 g5 20. Bg3 gxh4 21. Bxh4 Rxe5
22. Bg3 Rxe1+ 23. Rxe1 Qd7 24. Be5 Bxe5 25. Rxe5 Qd4 26. Qg3+ Kh7 27. Ne4 Rg8
28. Qf4 Rg4 0-1

[Event "Titled Tue 26th Aug Late"]
[Site "chess.com INT"]
[Date "2025.08.26"]
[Round "7"]
[White "Almagro Mazariegos, Sebastian"]
[Black "Arkadan, Adib"]
[Result "1-0"]
[WhiteTitle "FM"]
[BlackTitle "CM"]
[WhiteElo "2259"]
[BlackElo "2215"]
[WhiteFideId "2221640"]
[BlackFideId "5304946"]
[EventDate "2025.08.26"]

1. c4 e5 2. Nc3 d6 3. g3 Nf6 4. Bg2 Be7 5. Nf3 O-O 6. O-O c6 7. d3 Bg4 8. h3
Bxf3 9. Bxf3 d5 10. cxd5 cxd5 11. Qb3 Nc6 12. Nxd5 Nxd5 13. Qxd5 Nd4 14. Qxb7
Rb8 15. Qe4 Bd6 16. b3 Rb4 17. Bd2 Rb5 18. Rac1 f5 19. Qe3 Kh8 20. Rc4 Qf6 21.
Rfc1 a5 22. Rc8 Rb8 23. Rxb8 Rxb8 24. Bxa5 h6 25. Bc3 Ne6 26. Bb2 Re8 27. Qb6
Qe7 28. Rc6 Bc5 29. Qb5 Nd4 30. Bxd4 Bxd4 31. Rc7 Qxc7 32. Qxe8+ Kh7 33. Bd5
Qc1+ 34. Kg2 Qe1 35. Bg8+ Kh8 36. Bf7+ 1-0

[Event "Titled Tue 26th Aug Late"]
[Site "chess.com INT"]
[Date "2025.08.26"]
[Round "7"]
[White "Haarh, Simon Bjork"]
[Black "Federer, Colin"]
[Result "1-0"]
[WhiteTitle "CM"]
[BlackTitle "FM"]
[WhiteElo "2195"]
[BlackElo "2294"]
[WhiteFideId "1470515"]
[BlackFideId "1345117"]
[EventDate "2025.08.26"]

1. e4 c5 2. Nf3 d6 3. d4 cxd4 4. Nxd4 Nf6 5. Nc3 a6 6. Bc4 Nbd7 7. f4 b5 8. Bb3
Bb7 9. O-O g6 10. Re1 e5 11. Nf3 Bg7 12. Qxd6 Qe7 13. fxe5 Ng4 14. Qxe7+ Kxe7
15. Bg5+ Ke8 16. e6 fxe6 17. Bxe6 Nge5 18. Nd5 Rc8 19. Nxe5 Bxe5 20. Bxd7+ Kxd7
21. Nb6+ Ke6 22. Nxc8 Rxc8 23. c3 a5 24. Rad1 b4 25. cxb4 axb4 26. Rc1 Ra8 27.
Rc4 Bxb2 28. Rxb4 Bc3 29. Rb6+ Ke5 30. Bf6+ Kf4 31. Bxc3 Bxe4 32. Rb4 Rxa2 33.
Rbxe4+ Kf5 34. Re5+ Kg4 35. R1e4# 1-0

[Event "Titled Tue 26th Aug Late"]
[Site "chess.com INT"]
[Date "2025.08.26"]
[Round "7"]
[White "Kleibel, Uwe"]
[Black "Tang, Austin"]
[Result "0-1"]
[WhiteTitle "FM"]
[WhiteElo "2301"]
[BlackElo "1920"]
[WhiteFideId "1270982"]
[BlackFideId "30964580"]
[EventDate "2025.08.26"]

1. e4 c5 2. Nf3 d6 3. d4 cxd4 4. Qxd4 Nc6 5. Qe3 g6 6. h3 Bg7 7. Be2 Nf6 8. O-O
O-O 9. Rd1 Qc7 10. c4 a6 11. Nc3 e6 12. Rb1 b6 13. b3 Bb7 14. Ba3 Rfd8 15. Rbc1
Rac8 16. Nd5 exd5 17. cxd5 Qe7 18. dxc6 Bxc6 19. Qxb6 Bxe4 20. Rxc8 Rxc8 21.
Bxd6 Qe8 22. Ng5 Nd5 23. Qxa6 Rc6 24. Qa3 Nc3 25. Re1 Bd3 26. Bxd3 Qxe1+ 27. Kh2
Rxd6 28. Bc4 Be5+ 0-1

[Event "Titled Tue 26th Aug Late"]
[Site "chess.com INT"]
[Date "2025.08.26"]
[Round "7"]
[White "Kaufman, David"]
[Black "Steinberg, Nitzan"]
[Result "0-1"]
[WhiteTitle "IM"]
[BlackTitle "GM"]
[WhiteElo "2447"]
[BlackElo "2554"]
[WhiteFideId "34220194"]
[BlackFideId "2801795"]
[EventDate "2025.08.26"]

1. d4 Nf6 2. c4 g6 3. Nc3 Bg7 4. e4 d6 5. Be2 O-O 6. Nf3 Nbd7 7. O-O e5 8. Be3
a5 9. Qc2 Ng4 10. Bg5 Bf6 11. Bxf6 Ngxf6 12. Rad1 Re8 13. Rfe1 c6 14. b3 Qe7 15.
a3 Nf8 16. d5 c5 17. Rf1 Nh5 18. Rd2 Nf4 19. Bd1 h5 20. g3 Nh3+ 21. Kg2 Nh7 22.
Ne1 Rf8 23. f3 h4 24. Kh1 Kg7 25. f4 hxg3 26. hxg3 Nf6 27. Rh2 Rh8 28. Qg2 Bd7
29. Nd3 Rh7 30. fxe5 dxe5 31. g4 Rah8 32. g5 Nh5 33. Qf3 N5f4 34. Nxf4 Nxf4 35.
Rxh7+ Rxh7+ 36. Kg1 Qxg5+ 37. Kf2 Rh3 0-1

[Event "Titled Tue 26th Aug Late"]
[Site "chess.com INT"]
[Date "2025.08.26"]
[Round "7"]
[White "Young, Cohen"]
[Black "Mastrovasilis, Athanasios"]
[Result "1-0"]
[WhiteTitle "CM"]
[BlackTitle "GM"]
[WhiteElo "2030"]
[BlackElo "2424"]
[WhiteFideId "4317440"]
[BlackFideId "4201990"]
[EventDate "2025.08.26"]

1. e4 Nc6 2. Nf3 d6 3. d4 Nf6 4. Nc3 g6 5. d5 Nb8 6. h3 Bg7 7. Be3 O-O 8. Qd2 e6
9. O-O-O exd5 10. exd5 Na6 11. Kb1 Nc5 12. g4 Nce4 13. Nxe4 Nxe4 14. Qd3 f5 15.
Nd4 Nc5 16. Qc4 f4 17. Bc1 Qf6 18. f3 Bd7 19. c3 b5 20. Nxb5 Bxb5 21. Qxb5 Rab8
22. Qc4 Qxc3 23. Qxc3 Bxc3 24. Kc2 Be5 25. h4 Rb6 26. h5 g5 27. b3 a5 28. Ba3 a4
29. Bxc5 axb3+ 30. axb3 dxc5 31. Bc4 Kg7 32. Rhe1 Kf6 33. Re4 Bd4 34. Re6+ Rxe6
35. dxe6 Ra8 36. Kd3 Ra2 37. Ke4 h6 38. Kd5 Rf2 39. Rd3 Re2 40. Kc6 Re3 41. Rxe3
fxe3 42. Kd7 1-0

[Event "Titled Tue 26th Aug Late"]
[Site "chess.com INT"]
[Date "2025.08.26"]
[Round "7"]
[White "Peek, Maurice"]
[Black "Chahin Godoy, Angel Eduardo"]
[Result "1-0"]
[WhiteTitle "IM"]
[BlackTitle "CM"]
[WhiteElo "2381"]
[BlackElo "2002"]
[WhiteFideId "1004239"]
[BlackFideId "8404925"]
[EventDate "2025.08.26"]

1. d4 d5 2. c4 dxc4 3. Nf3 Nf6 4. e3 a6 5. Bxc4 e6 6. O-O c5 7. Qe2 Be7 8. Rd1
Qc7 9. b3 O-O 10. Bb2 b5 11. Bd3 Nbd7 12. Nbd2 Bb7 13. Rac1 Qb6 14. Bb1 Rac8 15.
Ne5 Rfd8 16. Ndf3 Be4 17. Nxf7 Bxf3 18. Qxf3 Kxf7 19. Bxh7 Rh8 20. Bb1 Qd6 21.
g3 cxd4 22. Bxd4 Rxc1 23. Rxc1 Qd5 24. Qe2 Qh5 25. f3 Bd6 26. Qg2 e5 27. Ba7 Ra8
28. Rc6 Ke7 29. Qd2 Ba3 30. Rc7 Qxf3 31. b4 Rd8 32. Bg6 Qg4 33. Bc5+ Ke6 34.
Qd6# 1-0

[Event "Titled Tue 26th Aug Late"]
[Site "chess.com INT"]
[Date "2025.08.26"]
[Round "7"]
[White "Rossi, Maximiliano"]
[Black "Shafer, Logan C"]
[Result "1/2-1/2"]
[BlackTitle "CM"]
[WhiteElo "2013"]
[BlackElo "2234"]
[WhiteFideId "113425"]
[BlackFideId "30993342"]
[EventDate "2025.08.26"]

1. e4 c6 2. d3 d5 3. Nf3 g6 4. Nbd2 Bg7 5. Be2 Bg4 6. O-O e6 7. h3 Bxf3 8. Nxf3
Ne7 9. c4 O-O 10. Rb1 a5 11. a3 Nd7 12. b4 axb4 13. axb4 Nf6 14. cxd5 cxd5 15.
e5 Nd7 16. d4 Nc6 17. b5 Na5 18. Ba3 Re8 19. Bd6 Nb6 20. Nd2 Rc8 21. Nb3 Nac4
22. Bc5 Na4 23. Qd3 Bxe5 24. dxe5 Nxc5 25. Nxc5 Rxc5 26. Qd4 Qc7 27. f4 Rc8 28.
h4 Na3 29. b6 Qc6 30. Rb3 Nc2 31. Qf2 Rc3 32. Rxc3 Qxc3 33. h5 Nd4 34. hxg6 hxg6
35. Bf3 Nxf3+ 36. gxf3 Rc6 37. Qh4 Rc8 38. Kg2 Qb2+ 39. Kg3 Rc1 40. Rxc1 Qxc1
41. Qd8+ Kh7 42. Qh4+ Kg7 43. Qf6+ Kg8 44. Qd8+ Kh7 45. Qh4+ Kg8 46. Qd8+ 1/2-1/2

[Event "Titled Tue 26th Aug Late"]
[Site "chess.com INT"]
[Date "2025.08.26"]
[Round "7"]
[White "Jahnz, Laurin"]
[Black "Bhatia, Kanishka"]
[Result "1-0"]
[WhiteTitle "CM"]
[BlackTitle "WCM"]
[WhiteElo "2219"]
[BlackElo "2067"]
[WhiteFideId "16261089"]
[BlackFideId "2410095"]
[EventDate "2025.08.26"]

1. e4 c6 2. Nc3 d5 3. Nf3 dxe4 4. Nxe4 Nf6 5. Qe2 Nxe4 6. Qxe4 Nd7 7. d4 Nf6 8.
Qd3 Bg4 9. Ne5 Bh5 10. c3 e6 11. Qh3 Bd6 12. Bg5 Bxe5 13. dxe5 Qd5 14. Bxf6 Qe4+
15. Qe3 Qxe3+ 16. fxe3 gxf6 17. exf6 O-O-O 18. Be2 Bxe2 19. Kxe2 Rhg8 20. g3 Rg6
21. Rhf1 e5 22. Rf5 Rd5 23. e4 Rb5 24. b4 a5 25. a4 Rb6 26. Rxe5 axb4 27. Re8+
Kd7 28. Re7+ Kd6 29. Rd1+ Kc5 30. Rxf7 bxc3 31. Kd3 Ra6 32. Kxc3 Rxa4 33. e5
Rc4+ 34. Kb3 Rb4+ 35. Ka2 Rg8 36. Rd3 Ra8+ 37. Ra3 Rd8 38. Rc3+ Kd4 39. Rb3 Rxb3
40. Kxb3 Kxe5 41. Rxb7 Kxf6 42. Rxh7 Rd2 43. Kc3 Rg2 44. Kd4 Rc2 45. Ke3 Kg5 46.
Rh4 Rc3+ 47. Kf2 Rc2+ 48. Kg1 c5 49. Rf4 c4 50. Rf2 Rc1+ 51. Kg2 c3 52. h4+ Kh5
53. Rf5+ Kg6 54. Rc5 Kh6 55. g4 c2 56. Rc6+ Kg7 57. h5 1-0

[Event "Titled Tue 26th Aug Late"]
[Site "chess.com INT"]
[Date "2025.08.26"]
[Round "7"]
[White "Purygin, Andrei"]
[Black "Beznosov, Timofey"]
[Result "0-1"]
[WhiteTitle "FM"]
[BlackTitle "CM"]
[WhiteElo "2309"]
[BlackElo "2131"]
[WhiteFideId "24111180"]
[BlackFideId "34497951"]
[EventDate "2025.08.26"]

1. d4 c6 2. c4 d6 3. Nc3 h6 4. g3 g5 5. Bg2 Bg7 6. e4 Nd7 7. Be3 Nf8 8. Nge2 Nf6
9. Qc2 Ng4 10. Bd2 Ne6 11. h3 Nxf2 12. Kxf2 Nxd4 13. Nxd4 Bxd4+ 14. Be3 Bxe3+
15. Kxe3 O-O 16. Kd2 Be6 17. b3 b5 18. cxb5 cxb5 19. Nd5 Rc8 20. Qd3 Bxd5 21.
exd5 Qa5+ 22. Ke2 Rc3 23. Qe4 Rfc8 24. Rhd1 Rc2+ 25. Kf1 Rb2 26. Rac1 Rxc1 27.
Rxc1 Qd2 28. Rc8+ Kg7 29. Kg1 Qf2+ 30. Kh2 Re2 31. Qxe2 Qxe2 32. Rc7 Qxa2 33.
Rxe7 Qxb3 34. Rxa7 Qc3 35. Rb7 b4 36. h4 g4 37. h5 b3 38. Rb6 b2 39. Rc6 Qb4 0-1

[Event "Titled Tue 26th Aug Late"]
[Site "chess.com INT"]
[Date "2025.08.26"]
[Round "7"]
[White "Schuster, Karsten"]
[Black "Sobek, Jaroslav"]
[Result "1-0"]
[WhiteTitle "FM"]
[BlackTitle "FM"]
[WhiteElo "2266"]
[BlackElo "2195"]
[WhiteFideId "4611071"]
[BlackFideId "301388"]
[EventDate "2025.08.26"]

1. e4 c5 2. d4 cxd4 3. c3 dxc3 4. Nxc3 e6 5. Bc4 a6 6. Nf3 b5 7. Be2 Bb7 8. Bg5
f6 9. Bf4 Ne7 10. a3 Ng6 11. Bd6 Qb6 12. Bxf8 Nxf8 13. O-O Ng6 14. Qd2 O-O 15.
Rac1 Rf7 16. Rfd1 Nc6 17. Qd6 Rc8 18. Nd5 Qd8 19. Nc3 Qe7 20. Qd2 Rff8 21. b4
Rfd8 22. Qa2 Nce5 23. Nxe5 Nxe5 24. h3 Nc4 25. f3 d5 26. exd5 exd5 27. Bxc4 dxc4
28. Qf2 Rxd1+ 29. Rxd1 Rd8 30. Re1 Qd7 31. Ne4 Bxe4 32. Rxe4 Qd1+ 33. Kh2 Qd6+
34. f4 c3 35. Qe2 h6 36. Re3 Qd2 37. Re8+ Kh7 38. Qe4+ 1-0

[Event "Titled Tue 26th Aug Late"]
[Site "chess.com INT"]
[Date "2025.08.26"]
[Round "7"]
[White "Do Carmo, Gabriel Carckeno"]
[Black "Oluka Robert Mcligeyo"]
[Result "0-1"]
[BlackTitle "CM"]
[WhiteElo "2051"]
[BlackElo "2081"]
[WhiteFideId "22783024"]
[BlackFideId "10814647"]
[EventDate "2025.08.26"]

1. c4 e6 2. Nf3 d5 3. e3 Nf6 4. b3 Be7 5. Bb2 c5 6. cxd5 exd5 7. d4 O-O 8. Be2
Nc6 9. O-O Bg4 10. Nc3 Bxf3 11. Bxf3 cxd4 12. exd4 Rc8 13. Re1 Bb4 14. Rc1 Qd7
15. a3 Ba5 16. b4 Bb6 17. Na4 Bxd4 18. Rxc6 Bxf2+ 19. Kxf2 Qxc6 20. Nc5 b6 21.
Nb3 Ne4+ 22. Kg1 Rfe8 23. Nd4 Qc4 24. Nf5 Nc3 25. Bxc3 Qxc3 26. Rf1 Re5 27. Nd4
Rce8 28. Kh1 Re1 0-1

[Event "Titled Tue 26th Aug Late"]
[Site "chess.com INT"]
[Date "2025.08.26"]
[Round "7"]
[White "Msellek, Ilyass"]
[Black "Rorrer, Grayson"]
[Result "1-0"]
[WhiteTitle "IM"]
[BlackTitle "IM"]
[WhiteElo "2406"]
[BlackElo "2426"]
[WhiteFideId "675938"]
[BlackFideId "30944996"]
[EventDate "2025.08.26"]

1. e4 e5 2. Nf3 Nc6 3. Bb5 a6 4. Ba4 b5 5. Bb3 Na5 6. Bxf7+ Kxf7 7. Nxe5+ Ke7 8.
d4 d6 9. Nd3 Kf7 10. O-O Bb7 11. Nf4 Bxe4 12. Qe1 d5 13. f3 Bf5 14. Qxa5 c5 15.
Qe1 Bd6 16. g4 Bc8 17. Nc3 Ne7 18. Nd3 cxd4 19. Ne2 Nc6 20. Qf2 Qc7 21. Bf4 Bxf4
22. Nexf4 Rd8 23. Rae1 Kg8 24. a3 Qd6 25. Qh4 Bd7 26. Qg5 Be8 27. Re6 Qd7 28.
Nc5 Qa7 29. b4 a5 30. Rfe1 axb4 31. axb4 d3 32. cxd3 Nxb4 33. d4 Nc6 34. Re7
Nxe7 35. Rxe7 Qxe7 36. Qxe7 Bf7 37. Nfe6 Re8 38. Qd7 b4 39. Ng5 Bg6 40. Qxd5+
Kh8 41. Nce6 Rab8 42. Qb3 1-0

[Event "Titled Tue 26th Aug Late"]
[Site "chess.com INT"]
[Date "2025.08.26"]
[Round "7"]
[White "Paval, George"]
[Black "Weisz, Bryan"]
[Result "1-0"]
[WhiteElo "2139"]
[BlackElo "2078"]
[WhiteFideId "1214233"]
[BlackFideId "30934133"]
[EventDate "2025.08.26"]

1. Nf3 e6 2. b3 Nf6 3. Bb2 b6 4. e3 Bb7 5. Be2 d5 6. O-O Bd6 7. c4 c5 8. d4 cxd4
9. Nxd4 dxc4 10. Bxc4 h5 11. h3 a6 12. Be2 g5 13. Nc3 g4 14. hxg4 Nxg4 15. Bxg4
Bh2+ 16. Kh1 hxg4 17. Qxg4 Qf6 18. Nxe6 fxe6 19. Nd5 Be5+ 20. Kg1 Bxd5 21. Bxe5
Qxe5 22. Qf4 Qh5 23. f3 Nd7 24. Rac1 Rf8 25. Qg3 Qe5 26. Qg6+ Ke7 27. Kf2 Rg8
28. Qh7+ Rg7 29. Qh4+ Nf6 30. Rfd1 Qb2+ 31. Ke1 1-0

[Event "Titled Tue 26th Aug Late"]
[Site "chess.com INT"]
[Date "2025.08.26"]
[Round "7"]
[White "Ferreira, Vitor Hugo Vieira"]
[Black "Ferriz Barrios, Andres"]
[Result "1-0"]
[BlackTitle "FM"]
[WhiteElo "2128"]
[BlackElo "2102"]
[WhiteFideId "2119765"]
[BlackFideId "5104467"]
[EventDate "2025.08.26"]

1. e4 e6 2. d4 d5 3. e5 c5 4. c3 Nc6 5. Nf3 Qb6 6. Bd3 Bd7 7. a3 cxd4 8. O-O a5
9. Re1 Rc8 10. h4 f6 11. cxd4 Nge7 12. exf6 gxf6 13. Nc3 Bg7 14. h5 h6 15. Nb5
O-O 16. Bf4 e5 17. dxe5 fxe5 18. Be3 d4 19. Bd2 Bg4 20. Qb3+ Kh8 21. Nh2 Bxh5
22. Qe6 Bf7 23. Qh3 Ng8 24. Nd6 Rc7 25. Nf5 Be6 26. g4 Bxf5 27. Bxf5 Qxb2 28.
Nf1 Qb5 29. Rab1 Qd5 30. Ng3 d3 31. Ne4 Nd4 32. Qxd3 Rcf7 33. Bc3 Rxf5 34. gxf5
Rxf5 35. Bxd4 exd4 36. Ng3 Rg5 37. a4 Qd6 38. Rb5 Rg6 39. Rxb7 Nf6 40. Ree7 Ng4
41. Re8+ Kh7 42. Rxg7+ Kxg7 43. Nf5+ Kf6 44. Nxd6 Ne5+ 45. Qxg6+ Nxg6 46. Ne4+ 1-0

[Event "Titled Tue 26th Aug Late"]
[Site "chess.com INT"]
[Date "2025.08.26"]
[Round "7"]
[White "Jimenez Salas, Maria Teresa"]
[Black "Gorbenko, Rustem"]
[Result "1-0"]
[WhiteTitle "WIM"]
[BlackTitle "CM"]
[WhiteElo "2249"]
[BlackElo "2201"]
[WhiteFideId "3843866"]
[BlackFideId "14111438"]
[EventDate "2025.08.26"]

1. e4 e6 2. d4 d5 3. Nc3 Bb4 4. e5 c5 5. Qg4 Ne7 6. dxc5 Bxc3+ 7. bxc3 Nd7 8.
Nf3 Qc7 9. Bd3 Nxe5 10. Qxg7 Nxf3+ 11. gxf3 Rg8 12. Qxh7 Qxc5 13. Bd2 Bd7 14.
Rb1 O-O-O 15. Qh4 Rg2 16. Rf1 Nf5 17. Qf4 Rh8 18. Qb4 Qxb4 19. Rxb4 Rhxh2 20.
Bxf5 exf5 21. c4 d4 22. c5 Bc6 23. f4 Be4 24. Rxd4 Kc7 25. Rc4 Kc6 26. Be3 Rh8
27. Ke2 Re8 28. Rd1 Rg6 29. Ra4 a6 30. Rd2 Bd5 31. Rad4 Bxa2 32. Rb4 Bd5 33.
Rb6+ Kc7 34. Rxd5 Rc6 35. Rxc6+ Kxc6 36. Rxf5 Re7 37. Rf6+ Kd5 38. Kd3 Rd7 39.
c4# 1-0

[Event "Titled Tue 26th Aug Late"]
[Site "chess.com INT"]
[Date "2025.08.26"]
[Round "7"]
[White "Simiyu Jadon"]
[Black "Hofstadler, Mario"]
[Result "0-1"]
[WhiteTitle "FM"]
[BlackTitle "CM"]
[WhiteElo "2132"]
[BlackElo "2145"]
[WhiteFideId "10824014"]
[BlackFideId "1660497"]
[EventDate "2025.08.26"]

1. Nf3 d6 2. d4 g6 3. g3 Bg7 4. Bg2 c6 5. O-O Bf5 6. c4 Nf6 7. Nc3 Ne4 8. Nh4
Nxc3 9. bxc3 Bd7 10. Rb1 Qc8 11. Qb3 b6 12. e4 Bh3 13. Nf3 Bxg2 14. Kxg2 c5 15.
e5 O-O 16. Bf4 dxe5 17. dxe5 Nc6 18. Rfe1 e6 19. Rbd1 Rd8 20. Qb5 Na5 21. Bg5
Rxd1 22. Rxd1 Qc6 23. Rd6 Qxb5 24. cxb5 Nc4 25. Rd7 Nxe5 26. Nxe5 Bxe5 27. c4
Kg7 28. Be3 a6 29. a4 axb5 30. axb5 Ra4 31. Rb7 Rxc4 32. Rxb6 Bd4 33. Bxd4+ cxd4
34. Rd6 e5 35. Kf3 f5 36. Ke2 Rb4 37. b6 e4 38. Rc6 Rb2+ 39. Ke1 Kh6 40. Rd6 d3
41. h4 Kh5 42. Re6 Kg4 43. Re7 Kf3 44. b7 h6 45. Rc7 g5 0-1

[Event "Titled Tue 26th Aug Late"]
[Site "chess.com INT"]
[Date "2025.08.26"]
[Round "7"]
[White "Nassr, Ahmed"]
[Black "Vazelakis, Dimitrios"]
[Result "1-0"]
[WhiteTitle "IM"]
[WhiteElo "2153"]
[BlackElo "1858"]
[WhiteFideId "7904860"]
[BlackFideId "4203674"]
[EventDate "2025.08.26"]

1. d4 Nf6 2. Bf4 g6 3. e3 Bg7 4. Nf3 O-O 5. h3 d6 6. Be2 b6 7. O-O c5 8. c4 cxd4
9. exd4 d5 10. Nc3 Bb7 11. a4 Nbd7 12. a5 dxc4 13. a6 Bc8 14. Bxc4 Nb8 15. Qb3
Nc6 16. Nb5 Na5 17. Rxa5 bxa5 18. Nc7 Bf5 19. Nxa8 Qxa8 20. Ne5 h5 21. Nxf7 Kh7
22. Ng5+ Kh8 23. Be5 Ne4 24. Bd5 Nd2 25. Bxa8 Nxb3 26. Bd5 Bxe5 27. dxe5 Nd4 28.
Rd1 Ne2+ 29. Kf1 Nf4 30. Bc4 Rc8 31. b3 Kg7 32. g3 Nxh3 33. Ne6+ Bxe6 34. Bxe6 1-0

[Event "Titled Tue 26th Aug Late"]
[Site "chess.com INT"]
[Date "2025.08.26"]
[Round "7"]
[White "Ragger, Markus"]
[Black "Tica, Sven"]
[Result "1-0"]
[WhiteTitle "GM"]
[BlackTitle "IM"]
[WhiteElo "2569"]
[BlackElo "2442"]
[WhiteFideId "1610856"]
[BlackFideId "14526948"]
[EventDate "2025.08.26"]

1. d4 g6 2. e4 Bg7 3. Nf3 c6 4. Bd3 d5 5. e5 h5 6. O-O Nh6 7. Re1 Bf5 8. e6 Bxe6
9. Bxg6 Bg4 10. Bd3 e6 11. h3 Bf5 12. c3 Bxd3 13. Qxd3 Nd7 14. Bg5 Bf6 15. h4
Qe7 16. Nbd2 O-O-O 17. c4 Qd6 18. b4 Nf5 19. b5 c5 20. Rac1 Kb8 21. cxd5 Qxd5
22. Bxf6 Nxf6 23. Re5 Qd7 24. Rexc5 Rhg8 25. Ne4 Nd5 26. Qc2 b6 27. Ne5 Qb7 28.
Rc4 Nde3 29. Nc6+ Ka8 30. fxe3 Nxe3 31. Qf2 Rxg2+ 32. Qxg2 Nxg2 33. Kxg2 Qd7 1-0

[Event "Titled Tue 26th Aug Late"]
[Site "chess.com INT"]
[Date "2025.08.26"]
[Round "7"]
[White "Kawka, Milena"]
[Black "Harish, Neeraj"]
[Result "1-0"]
[WhiteTitle "WCM"]
[BlackTitle "CM"]
[WhiteElo "2017"]
[BlackElo "2028"]
[WhiteFideId "21095167"]
[BlackFideId "30958130"]
[EventDate "2025.08.26"]

1. e4 c5 2. Nf3 e6 3. d4 cxd4 4. Nxd4 Nf6 5. Nc3 Nc6 6. Nxc6 bxc6 7. e5 Nd5 8.
Ne4 Qc7 9. f4 Qb6 10. c4 Bb4+ 11. Ke2 f5 12. Nf2 Ne7 13. Kf3 Ba6 14. Be3 Bc5 15.
Bxc5 Qxc5 16. Qd6 Qb6 17. b3 g5 18. fxg5 Ng6 19. h4 Qb8 20. Qxb8+ Rxb8 21. Nd3
h5 22. Re1 Kf7 23. Nf4 c5 24. Nxg6 Kxg6 25. Kf4 Bb7 26. Rd1 Bc6 27. Rh3 a5 28.
Rhd3 Rb4 29. Be2 d5 30. exd6 e5+ 31. Kxe5 Re8+ 32. Kf4 Re4+ 33. Kg3 Rxe2 34. d7
Bxd7 35. Rxd7 Rb6 36. R1d6+ Rxd6 37. Rxd6+ Kg7 38. Rd5 Rxa2 39. Rxc5 Ra3 40. Kf4
Rxb3 41. Rxa5 Rb2 42. Kxf5 Rf2+ 43. Ke4 Rxg2 44. Kf4 Rg4+ 45. Kf5 Rxh4 46. Ra7+
Kg8 47. Kg6 Kf8 48. c5 Rc4 49. Rc7 1-0

[Event "Titled Tue 26th Aug Late"]
[Site "chess.com INT"]
[Date "2025.08.26"]
[Round "7"]
[White "Bluebaum, Matthias"]
[Black "Csonka, Balazs"]
[Result "1-0"]
[WhiteTitle "GM"]
[BlackTitle "IM"]
[WhiteElo "2660"]
[BlackElo "2467"]
[WhiteFideId "24651516"]
[BlackFideId "742910"]
[EventDate "2025.08.26"]

1. d4 d5 2. c4 c6 3. Nf3 Nf6 4. Nc3 dxc4 5. e4 b5 6. Qc2 e6 7. Be2 Bb7 8. O-O
Be7 9. Rb1 a5 10. b3 cxb3 11. Rxb3 Na6 12. a3 h6 13. Rd1 Rc8 14. h3 O-O 15. e5
Nd5 16. Nxd5 cxd5 17. Qb1 b4 18. Nh2 Kh8 19. a4 Bg5 20. f4 Bh4 21. f5 Bg5 22. f6
gxf6 23. Bxg5 fxg5 24. Ng4 f5 25. exf6 Rxf6 26. Nxf6 Qxf6 27. Rf3 Qg7 28. Rdf1
Qxd4+ 29. Kh1 Nc5 30. Qg6 Qg7 31. Qh5 Ne4 32. Bd3 Nd2 33. Rf7 Nxf1 34. Qf3 Nd2
35. Qf2 Rc1+ 36. Kh2 Qe5+ 37. g3 Nf3+ 38. Rxf3 Rc7 39. Re3 Qg7 40. Rxe6 Rf7 41.
Re8+ 1-0

[Event "Titled Tue 26th Aug Late"]
[Site "chess.com INT"]
[Date "2025.08.26"]
[Round "7"]
[White "Przybylski, Wojciech"]
[Black "Ocampos, Ian"]
[Result "1-0"]
[WhiteTitle "FM"]
[WhiteElo "2340"]
[BlackElo "2195"]
[WhiteFideId "1117599"]
[BlackFideId "117544"]
[EventDate "2025.08.26"]

1. e4 c5 2. Nf3 a6 3. c4 Nc6 4. Nc3 Nf6 5. g3 e5 6. Bg2 d6 7. h3 h6 8. O-O Be6
9. b3 g5 10. Nh2 Qd7 11. Nd5 Bxd5 12. exd5 Nd4 13. d3 Bg7 14. Rb1 b5 15. Re1 O-O
16. b4 cxb4 17. Rxb4 a5 18. Rb1 b4 19. Bb2 Nf5 20. Ng4 Qc7 21. Be4 Nxe4 22. dxe4
Nd4 23. Ne3 a4 24. Bxd4 exd4 25. Nf5 Qxc4 26. Nxd6 Qxa2 27. Rxb4 Qa3 28. Rb6 d3
29. Nf5 Rfb8 30. Nxh6+ Bxh6 31. Rxh6 Qf8 32. Rh5 Qg7 33. h4 gxh4 34. Rxh4 Rb6
35. e5 a3 36. d6 a2 37. Rg4 a1=Q 38. Qxa1 Rxa1 39. Rxg7+ Kxg7 40. Rxa1 Rb5 41.
Rd1 Rd5 42. f4 Kg6 43. Kf2 Kf5 44. Kf3 d2 45. g4+ Ke6 46. Ke3 f6 47. Rxd2 Ra5
48. d7 1-0

[Event "Titled Tue 26th Aug Late"]
[Site "chess.com INT"]
[Date "2025.08.26"]
[Round "7"]
[White "Kravtsiv, Martyn"]
[Black "Terry, Renato"]
[Result "1-0"]
[WhiteTitle "GM"]
[BlackTitle "IM"]
[WhiteElo "2598"]
[BlackElo "2508"]
[WhiteFideId "14113147"]
[BlackFideId "3803457"]
[EventDate "2025.08.26"]

1. e4 e6 2. d4 d5 3. exd5 exd5 4. Nf3 Nc6 5. c3 Bd6 6. Bd3 Nge7 7. O-O O-O 8.
Nh4 Re8 9. Re1 Ng6 10. Rxe8+ Qxe8 11. Nf5 Bf4 12. Nd2 Nce7 13. Ng3 Be6 14. h3 f6
15. a4 Bxg3 16. fxg3 Nf5 17. Qe1 Nd6 18. Nb3 Bf5 19. Qxe8+ Rxe8 20. Bxf5 Nxf5
21. g4 Nd6 22. Kf1 b6 23. a5 Kf7 24. axb6 axb6 25. Ra7 Nb5 26. Ra4 Ke6 27. Nd2
Kd7 28. Nf3 Nd6 29. h4 Re4 30. h5 Ne7 31. g5 Nef5 32. h6 fxg5 33. hxg7 Nxg7 34.
Nxg5 Rh4 35. Kg1 Ne6 36. Nf3 Re4 37. Ra8 Re2 38. Rh8 Rc2 39. Ne5+ Ke7 40. Rxh7+
Kf6 41. Be3 Rxb2 42. g4 Ne4 43. Rf7# 1-0